| 000 | 00816nam a22002177a 4500 | ||
|---|---|---|---|
| 005 | 20120119154033.0 | ||
| 008 | 120119t xxu||||| |||| 00| 0 eng d | ||
| 010 | _aENG-104798 | ||
| 020 |
_a9789381385104 _c475.00 |
||
| 035 | _aEN-88331 | ||
| 037 | _bDBAD/PUB | ||
| 040 |
_aDPL _bEng |
||
| 082 | _a363.258 | ||
| 100 |
_aNishant Singh _939742 |
||
| 245 |
_aHand book of finger print science / _cby Nishant Singh |
||
| 260 |
_aDelhi _bAncient Publishing House _c2011 |
||
| 270 |
_aV-75, Street No. 15-A, Vijay Park, Near C-11, Shiv Sadhana Mandir, Yamuna Vihar _bDelhi _e110053 |
||
| 300 |
_a190p. _c22cm(Hb) |
||
| 942 |
_2ddc _cEN _h363.258 _mNIS |
||
| 999 |
_c61227 _d61227 |
||